000 01166nam a2200337Ia 4500
001 57358
003 CO-BoRNBP
005 20250620155145.0
007 ta
008 170503s2007 sp a g 000 j spa
020 _a9788434856844
040 _aCO-BoRNBP
_bspa
_erda
_cCO-BoRNBP
041 _aspa
084 _aC DAH1
100 1 _aDahl, Roald
_d1916-1990
_960415
245 1 3 _aEl vicario que hablaba al revés
_cRoald Dahl ; traducción del inglés Paz Barroso ; cubierta e ilustraciones Quentin Blake
250 _aDécima novena edición
264 1 _aMadrid
_bS. M
_c2007
300 _a42 páginas
_bilustraciones
_c19 cm.
336 _atexto
_btxt
_2rdacontent
337 _asin mediación
_bn
_2rdamedia
338 _avolumen
_bnc
_2rdacarrier
490 0 _aEl barco de vapor : azul
586 _aPremio hans chistian andersen de ilustracion, 2002
650 0 7 _aHumorismo
_vCuento infantil
_2LEMB
_960416
650 0 7 _aCuentos infantiles ingleses
_ySiglo XX
_2LEMB
_9741
650 0 7 _aLiteratura infantil inglesa
_ySiglo XX
_2LEMB
_9701
700 1 _aBarroso, Paz
_etraductora
_960417
700 1 _aBlake, Quentin
_eilustrador
_960418
942 _2loc
_cBKINF
999 _c57358
_d57358